000 01780nam a2200349 c 4500
003 BLK
005 20180422111036.0
008 180409b bul|||||r ||||||| ||bul||
010 _aKNG00130496000
040 _aBLK
041 _aBUL
_cBUL
080 _aФренска литература
_b821.133.1
_x(081)
_z821.133.1(081)
080 _aФренска литература
_b821.133.1
_x-31
_z821.133.1-31
100 1 _aБалзак, Оноре дьо
_eпърви автор
_9376104
700 1 _aТодоров, Христо
_eпредг. от
_9364806
700 1 _aСимов, Пенчо Стефанов
_eпрев. на том
_9319014
700 1 _aНитова, Марина Н.
_eпрев. на том
_9319015
139 _aБалзак, Оноре дьо
_bБ 22
245 1 0 _aИзбрани творби
_bВ 10 т.
_cОноре дьо Балзак; предг. от Христо Тодоров; прев. на том Пенчо Стефанов Симов; прев. на том Марина Н. Нитова.
_nТ. 9
_pТърсене на абсолютното
257 _aFRA
260 София
_bНар. култура
_c1983 -
300 _c21 см
380 _aX
500 _aДруги ред. : Л. Стефанова, П. Пройкова. - 100 125 тир.
505 _gРомани
_r
_tСерафита
760 1 _aБалзак, Оноре дьо
_d1985
_h327 с.
_nОриг. загл. La recherche de l'absolu ; Seraphita / Balzac. - В кн. означено 1. и 2. изд.
_tТ. 9 Търсене на абсолютното
852 _aЦб 120854
856 4 _qpdf
_u
856 4 _qpdf
_u
942 _cKNG
_n0
944 _aCR
_c11.05.2012
_l11.05.2012 - от С1,Р / 11.05.2012
_kВиолета_Тройчева
944 _aED
_c11.05.2012
_l11.05.2012 - от С1,Р / 11.05.2012
_k
999 _c124828
_d124828